| 000 | 00708cam a2200193 a 4500 | ||
|---|---|---|---|
| 001 | 000007152 | ||
| 005 | 20200929154100.0 | ||
| 008 | 980414s1995 ck a b f001 0dspa | ||
| 040 |
_aDO-SdBNP _bspa _cBNPHU |
||
| 082 |
_aCo860.4 _bG824L |
||
| 245 | 0 | 0 |
_aLeón de Greiff : _b1895-1995. |
| 260 |
_aBogotá, Colombia : _bBiblioteca Nacional de Colombia ; _bColcultura, _c1995. |
||
| 300 |
_a32 p. : _bil. ; _c22 cm. |
||
| 500 | _a"Los libros de León": p. 27-29. | ||
| 600 | 1 | 0 |
_aGREIFF, LEÓN DE, _d1895-1995. _xCRÍTICA E INTERPRETACIÓN _919852 |
| 650 | 0 | 4 |
_aLiteratura colombiana _xHistoria y crítica _917628 |
| 710 | 1 |
_aBiblioteca Nacional de Colombia. _93774 |
|
| 710 | 1 |
_aInstituto Colombiano de Cultura. _919853 |
|
| 999 |
_c6933 _d6933 |
||